000 00739nam a22002297a 4500
003 0
005 20241118101515.0
008 240822b xxu||||| |||| 00| 0 eng d
020 _a978-0-357-65805-5
050 _aGN 270
_b.M38 2023
100 _aMatsumoto, David
245 _aCulture and psychology
_cDavid Matsumoto and Linda Juang
250 _aSeventh edition
260 _aBoston, Massachusetts
_bCengage
_c2023
300 _axxv, 469 pages :
_bblack and white illustrations and pictures ;
_c26cm,.
504 _aIncludes bibliographical references and index.
650 _aPsychology.
650 _aEthnopsychology.
650 _aPersonality and culture.
650 _aIntercultural communication.
942 _2lcc
_cBK
999 _c366142
_d366142